AH International Schools' Libraries

Normal view MARC view
  • Computers Access control. Criminals. Robbers and outlaws.

Entry Topical Term

Number of records used in: 1

001 - CONTROL NUMBER

  • control field: 86006

003 - CONTROL NUMBER IDENTIFIER

  • control field: OSt

005 - DATE AND TIME OF LATEST TRANSACTION

  • control field: 20250131124515.0

008 - FIXED-LENGTH DATA ELEMENTS

  • fixed length control field: 250131|| aca||aabn | a|a d

040 ## - CATALOGING SOURCE

  • Original cataloging agency: OSt
  • Transcribing agency: OSt

150 ## - HEADING--TOPICAL TERM

  • Topical term or geographic name as entry element: Computers Access control. Criminals. Robbers and outlaws.
  • Form subdivision: Fiction

670 ## - SOURCE DATA FOUND

  • Source citation: Work cat.: (OSt)48295: Black, Peter Jay. 86005, Urban outlaws /

For any Logos Library related questions please contact Miss Art at swongnarasuk@asianhope.org.

For any Asian Hope Library related questions please contact Miss Raza at graza@asianhope.org.

Powered by Koha